LEADER 01366nam a2200289 i 4500 001 000000225950 003 CaOOAMICUS 005 20131224000000.0 008 131224s1998 it u000 u ita u 013 $a204852 020 $a88-384-4034-4 040 $aSeMil$bita 100 1 $aLiguori, Alfonso Maria : de' ,$c.$0(OLS)http://semarc/name/4500 245 10$aRiflessioni devote /$cAlfonso Maria de' Liguori ;a cura e introduzione di Gilberto Silvestri. 260 $aCasale Monferrato :$bPiemme,$c1998. 300 $a194 p. ;$c21 cm. 490 0 $aL'anima del mondo ;$v22 650 4$aLiguori, Alfonso Maria : de' - Teologia morale.$0(OLS)http://semarc/subject/1929 650 4$aLiguori, Alfonso Maria : de' - Meditazioni.$0(OLS)http://semarc/subject/5233 700 1 $aSilvestri, Gilberto.$0(OLS)http://semarc/name/78441 830 2$aL'anima del mondo ;$v22.$0(OLS)http://semarc/title/2164 850 $aSeMil 852 $aSeMil$W1$xVenegono$y1$m2C V 542$j176296$B176296$CSeMilBibl$Z2$F187735 $81 961 $aOmaggio: Grampa dott. Cesare 996 $6020$a88-384-4034-4$9(OLS)http://semarc/number/227019 996 $6245$aRiflessioni devote$9(OLS)http://semarc/title/323606 996 $6260$aCasale Monferrato :$bPiemme$9(OLS)http://semarc/publisher/29798 LEADER 00969nam a2200217 i 4500 001 000000187064 003 CaOOAMICUS 005 20100309000000.0 008 100309s1990 it u000 u ita u 013 $a165125 040 $aSeMil$bita 245 13$aLe religioni e la religione :$bintervista al teologo Jean-Marie de la Croix. 260 $aPessano con Bornago (MI) :$bMimep-Docete,$cc1990. 300 $a197 p. ;$c22 cm. 650 4$aReligione.$0(OLS)http://semarc/subject/3159 650 4$aLa croix, Jean-Marie : de - Interviste.$0(OLS)http://semarc/subject/35274 700 1 $aLa Croix, Jean Marie : de.$0(OLS)http://semarc/name/4642 850 $aSeMil 852 $aSeMil$W1$xVenegono$y1$m2X II 330$j137751$B137751$CSeMilBibl$Z2$F149243 $81 996 $6245$aLe religioni e la religione :$bintervista al teologo Jean-Marie de la Croix$9(OLS)http://semarc/title/269087 996 $6260$aPessano con Bornago (MI) :$bMimep-Docete$9(OLS)http://semarc/publisher/30068